000 00516nam a2200205Ia 4500
003 OSt
005 20230421115755.0
008 210423s2012 xx 000 0 und d
020 _a9788173717604
040 _cAL
041 _aeng
082 _a511.5
_223
_bPIRS
100 _aPIRZADA (S).
_991532
245 _aIntroduction to graph theory.
260 _aNew Delhi
_bUniversities Press
_c2012
300 _aviii,396
_bPB
365 _b375
_cINR
906 _agraph ; Introduction ; theory.
942 _2ddc
_cBK
999 _c160868
_d160868